National science foundation annual report 1987

Kaydedildi:
Detaylı Bibliyografya
Materyal Türü: Kitap
Dil:Undetermined
Baskı/Yayın Bilgisi: Washington 1987
Konular:
Etiketler: Etiketle
Etiket eklenmemiş, İlk siz ekleyin!
Thư viện lưu trữ: Trung tâm Học liệu Trường Đại học Cần Thơ
LEADER 00406nam a2200145Ia 4500
001 CTU_98581
008 210402s9999 xx 000 0 und d
082 |a 353.0085 
082 |b N277 
245 0 |a National science foundation annual report 1987 
260 |a Washington 
260 |c 1987 
650 |a National science foundation 
904 |i Truc 
980 |a Trung tâm Học liệu Trường Đại học Cần Thơ